| 000 | 00539cam a2200193ua 4500 | ||
|---|---|---|---|
| 001 | 3533 | ||
| 005 | 20260515113709.0 | ||
| 008 | 131025n ii |||gr||||Z||||||asm | ||
| 040 | _cMAIN | ||
| 082 | _a954.162 | ||
| 100 |
_akataky, Ratan Kumar, _eAuthor. |
||
| 245 |
_aAhom rajatvat chikitsa seva : _bati samiksha / _cby Ratan Kumar Kataky |
||
| 250 | _a1st. | ||
| 260 |
_aGuwahati: _bInstitute of tai studies and research, _c2006. |
||
| 300 |
_a128p: _c23cm. |
||
| 653 | _aHistory | ||
| 653 | _aAhom rajatvat chikitsa seva | ||
| 942 | _cBK | ||
| 999 |
_c3372 _d3372 |
||